Responses for show #5042 - Tuesday, July 11, 2006

Contestants

Louis Rice, a university fundraiser from Decatur, Georgia

Dena Martin, an underwriter from Pasadena, California

David Nikithser, a project manager from Hightstown, New Jersey (whose 1-day cash winnings total $18,799)

Jeopardy! Round responses

POPE-POURRI
THE ROLES OF TOM CRUISE
(Alex: You ID the film.)
MARTIAL ARTS
COVERINGS
FEMALE FIRSTS
A VISIT TO THE "E.R."
    $200 2
Abraham V

Dena
    $200 15
(David: What is All the Right Moves?)

Risky Business

DavidDena
    $200 1
belts

Louis
    $200 3
snow

Louis
    $200 12
Jamaica

David
    $200 21
an engagement ring

David
    $400 16
a mass

David
    $400 17
(Louis: What is The Client?)

The Firm

Louis
Triple Stumper
    $400 8
a teacher

David
    $400 4
copper

Louis
    $400 13
the Kentucky Derby

David
    $400 22
egg rolls

David
    $600 28
penance

David
    $600 18
(Dena: Can't think of it.)

Top Gun

DavidDena
    $600 9
bamboo

David
    $600 5
horsehide

Louis
    $600 14
the Purple Heart

David
    $600 23
an elevated railway

David
    $800 29
Paul VI

David
    $800 19
A Few Good Men

Louis
    $800 10
drunken

David
    $800 6
(Alex: The main machines in those domes, [*].)

nuclear reactors

Triple Stumper
    $1,200 26
the American Bar Association

David
    $800 24
an exchange rate

David
    $1000 30
the Babylonian Captivity

Triple Stumper
    $1000 20
The Color of Money

David
    $1000 11
aikido

Triple Stumper
    $1000 7
(Louis: What is a tarpaulin?)

an awning

DavidLouis
    $1000 27
William Jennings Bryan

Louis
    $1000 25
(David: What is an effeminate rhyme?)
...
(Alex: Because it looks as if it rhymes, it's called [*].)

an eye rhyme

David
Triple Stumper

Scores at the first commercial break (after clue 15):

David Dena Louis
$3,800 $400 $400

Scores at the end of the Jeopardy! Round:

David Dena Louis
$9,400 -$200 $1,800

Double Jeopardy! Round responses

OLD AMERICAN HISTORY
THE GRAMMYS
(Alex: Then you have to name the character you would e-mail at...)
LITERARY E-MAIL ADDRESSES
THE HENRY WHO...
A ROUND OF GULF
"PAR" FOR THE COURSE
    $400 19
The Bible

Dena
    $400 9
The Beatles

Louis
    $400 6
Captain Ahab

Louis
    $400 14
Henry Clay

Louis
    $400 24
the Persian Gulf

David
    $400 1
Parkinson's disease

Louis
    $800 22
Dartmouth

Louis
    $800 10
(Alex: Isn't it rich? [*].)

"Send In The Clowns"

Triple Stumper
    $800 7
(Dena: Uh, who is Mrs. March?)
[Originally ruled incorrect; reversed before first Daily Double at clue 28 since "March" was not in the clue]

Marmee

Dena
    $800 15
Thoreau

Louis
    $800 25
the Gulf of Mexico

David
    $800 2
a parody

David
    $1200 23
a maypole

David
    $1200 11
(Lenny) Kravitz

David
    $1200 8
Hester Prynne

David
    $1200 16
Henry Cabot Lodge

Louis
    $1200 26
the Gulf of Tonkin

David
    $1200 3
Parsifal

David
    $1600 27
[ERRATUM: "DeWitt" was written with a space as shown.]

the Erie Canal

Louis
    $1600 12
"Blue Suede Shoes"

Louis
    $1600 20
Yossarian

Louis
    $1600 17
(Alex: Dr. Livingston, I presume?)

Henry Stanley

Triple Stumper
    $1600 29
Cort├ęz

Dena
    $1600 4
parsimony

Dena
    $6,000 28
(Louis: What's a depot?)
[Originally ruled incorrect; reversed before second Daily Double at clue 30 when the researchers found that depot is a word that refers to a place where military supplies are stored]

an arsenal

Louis
    $2000 13
John Legend

David
    $2000 21
Willie Stark

Triple Stumper
    $2000 18
Henry Luce

Louis
    $1,000 30
(Dena: Who is... St. Edward?)

St. Lawrence

Dena
    $2000 5
Paracelsus

Triple Stumper

Scores at the end of the Double Jeopardy! Round:

David Dena Louis
$19,400 $3,200 $19,000

[wagering suggestions for these scores]

Final Jeopardy! Round responses

BUSINESS FIRSTS
(Alex: What do we associate
with Detroit? The Red Wings, the Pistons. And, Dena Martin, we start with you.)
...
(Alex: $26,000, and somebody in the audience has let out a scream.)
(David: It's the wife.)
(Alex: Probably--your wife?)
DenaWhat is Ford?
$2,700
LouisWhat is Ford Motor Co?
$500
DavidWhat is Ford?
$6,600
Ford

Final scores:

David Dena Louis
$26,000 $5,900 $19,500
2-day champion: $44,799 3rd place: $1,000 2nd place: $2,000

Game dynamics:

Coryat scores:

David Dena Louis
$19,000 $4,200 $15,000
26 R
(including 1 DD),
2 W
6 R,
2 W
(including 1 DD)
18 R
(including 1 DD),
2 W

Combined Coryat: $38,200

The J! Archive is created by fans, for fans. The Jeopardy! game show and all elements thereof, including but not limited to copyright and trademark thereto, are the property of Jeopardy Productions, Inc. and are protected under law. This website is not affiliated with, sponsored by, or operated by Jeopardy Productions, Inc. Join the discussion at JBoard.tv.